Red de espionaje [juego] /
Guardado en:
| Formato: | Objeto Físico |
|---|---|
| Publicado: |
Argentina :
Hasbro,
[200?]
|
| Materias: | |
| Etiquetas: |
Agregar Etiqueta
Sin Etiquetas, Sea el primero en etiquetar este registro!
|
| LEADER | 01008nrm a22001455g 4500 | ||
|---|---|---|---|
| 001 | CEM.cems019448 | ||
| 008 | 130507b200?##################0###0#####d | ||
| 005 | 20220830183337.0 | ||
| 245 | 0 | 0 | |a Red de espionaje [juego] / |c Parker Brothers |
| 260 | |a Argentina : |b Hasbro, |c [200?] | ||
| 300 | |a 1 juego (11 tablero doble, 4 clavijas, 2 tableros de rastreo, 50 billetes, 9 tarjetas espía verdes, 9 tarjetas sospechoso verdes, 9 tarjetas espía moradas, 9 tarjetas sospechoso moradas) ; en caja 45 x 26 x 5 cm. + manual de instrucciones. | ||
| 500 | |a Para 2 jugadores a partir de 8 años objetivo: los jefes de los espías están escondidos en "guaridas secretas" (las dos puertas) en alguna parte del mundo. Al mirar, oír, señalar o formular distintas preguntas, cada jugador podrá acumular pistas que le permitirán descubrir dÃónde se encuentra el jefe del oponente. | ||
| 082 | 0 | 4 | |a J793.92 |
| 653 | |a 1. juegos de estrategia y espionaje 2. juegos de guerra | ||
| 859 | |a CEMS |b BIB. CEMS - Ludoteca |h J793.92 |i P223 |p 229.00 |t Ej.1 | ||
